000 00556nam a2200157 i 4500
001 183892
003 ES-MaACL
005 20230906222009.0
008 141107s1900 sp |||| | spa d
245 0 0 _aProposiciones que presentan al Congreso Hispano-Americano algunos catedrátidos de la Universidad de Oviedo.
260 _aOviedo :
_b[s.n.],
_c1900 (
_fLa Comercial)
300 _a8 p. ;
_c21 cm.
711 2 _aCongreso social y Económico Hispanoamericano (
_d1900.
_cMadrid)
_9154905
852 _aES-MaACL
_jT-979-F-6
852 _aES-MaACL
_jT-957-F-6
999 _c183892
_d183892